| 000 | 00973nam a2200229Ia 4500 | ||
|---|---|---|---|
| 999 |
_c50920 _d50920 |
||
| 001 | 17875 | ||
| 003 | GE_BSU | ||
| 005 | 20200226172825.0 | ||
| 008 | 181216s1976 xx |||||||||||||| || || | ||
| 040 | _cGE_BSU | ||
| 041 | _ageo | ||
| 080 | _a821.353.1-312.9 ჩ-31 | ||
| 100 |
_aჩაჩანიძე, როდამ. _97528 |
||
| 245 |
_aამიხოტის დაქცევა : _b[ფანტასტიკური მოთხრობა] / _cროდამ ჩაჩანიძე ; რედ. ნიმა ანთელავა. |
||
| 250 | _a1-ლი გამოც | ||
| 264 |
_aთბილისი : _bნაკადული, _c1976. |
||
| 300 |
_a335გვ. ; _c19 სმ |
||
| 653 | _aამიხოტის დაქცევა | ||
| 653 | _aფანტასტიკური მოთხრობა | ||
| 700 |
_aნთელავა, ნიმა _eრედაქტორი _97529 |
||
| 942 |
_cBK _2udc |
||